Normal view MARC view
  • Tolle, Eckhart,

Entry Personal Name

Number of records used in: 1

001 - CONTROL NUMBER

  • control field: 104252

003 - CONTROL NUMBER IDENTIFIER

  • control field: NUST

005 - DATE AND TIME OF LATEST TRANSACTION

  • control field: 20221206132224.0

008 - FIXED-LENGTH DATA ELEMENTS

  • fixed length control field: 221206|| aca||aabn | a|a d

040 ## - CATALOGING SOURCE

  • Original cataloging agency: NUST
  • Transcribing agency: NUST

100 ## - HEADING--PERSONAL NAME

  • Personal name: Tolle, Eckhart,
  • Dates associated with a name: 1948-
  • Title of a work: Power of now

670 ## - SOURCE DATA FOUND

  • Source citation: Work cat.: (NUST)0: Tolle, Eckhart, 1948- 11089, Practicing the power of now :, c1999
© 2023 Central Library, National University of Sciences and Technology. All Rights Reserved.